| 000 | 01151cam a22003377a 4500 | ||
|---|---|---|---|
| 003 | CHAP | ||
| 005 | 20220329140627.0 | ||
| 008 | 971013s1986 r 00010 d | ||
| 010 | _a55001 | ||
| 011 | _a55973 | ||
| 035 | _a60126 | ||
| 040 | _cCHAP | ||
| 090 | _aFolleto 10571 | ||
| 100 | 0 | 0 |
_aSilva, J. G. da. _9106064 |
| 245 | 1 | 2 | _aA relacao setor público privado privado na geracao de tecnología agrícola no Brasil |
| 260 |
_aThe Hague : _bInternational Service for National Agricultural Research, _c1986 |
||
| 300 | _a68 p. | ||
| 490 | 0 |
_aPROAGRO paper _v; 6 |
|
| 590 |
_aBATCH-UPD _b10 _c20130110 _lUCH01 _h0257 |
||
| 590 |
_aBATCH-UPD _b10 _c20130110 _lUCH01 _h2014 |
||
| 590 |
_aBATCH-UPD _b10 _c20130409 _lUCH01 _h2329 |
||
| 590 |
_aBATCH-UPD _b10 _c20130410 _lUCH01 _h1333 |
||
| 590 |
_aBATCH-UPD _b10 _c20130914 _lUCH01 _h1936 |
||
| 590 |
_aCONVERSION _b10 _c20130109 _lUCH01 _h1330 |
||
| 650 | 1 | 4 |
_aAgricultura _xInnovaciones tecnológicas. _91565 |
| 650 | 1 | 4 |
_aAgricultura _xInvestigacion _xBrasil. _91593 |
| 830 | 0 |
_aPROAGRO paper _v; 6 _991684 |
|
| 901 | _aBK | ||
| 942 | _cFOLL | ||
| 949 |
_aFolleto 10571 _bBC _cFOLL _d-129718 _eTS1 _i60126 _si |
||
| 999 |
_c55001 _d55001 |
||